000 02857nam a22002897a 4500
999 _c60440
_d60440
003 Ge_BSU
005 20230719105842.0
008 230719s2022ge xxu||||| |||| 00| 0 geo d
020 _a9789941334139
041 _ageo
080 _a811.353.1+811.512.16 ქ-27
245 _aქართველურ-თურქულ სამეტყველო კოდთა შერევის კანონზომიერებები ქართველურენოვანი მუჰაჯირების შთამომავალთა მეტყველების მიხედვით
_b[მონოგრაფია] /
_cტარიელ ფუტკარაძე, მანანა ტაბიძე, მიხეილ ლაბაძე [და სხვა ] ; რედაქტორი იამზე ვაშაკიძე ; ინგლისური რეზიუმეს მთარგმნელი ლელა ებრალიძე ; თურქული რეზიუმეს მთარგმნელი ფევზი ჩელები ;
264 _aთბილისი :
_bუნივერსალი,
_c 2022.
300 _a696 გვ. :
_b ფოტ ;
_c25 სმ.
501 _aსაძიებელი: გვ. 665-694.
504 _aბიბლიოგრაფია: გვ 318-330.
520 _aრეზიუმე ინგლისურ და თურქულ ენებზე.
546 _aთავფურცლის მე-2 გვერდი ინგლისურ ენაზე, მე-3 გვერდი თურქულ ენაზე.
600 _2ეძღვნება პროფესორ ტარიელ ფუტკარაძის (1960-2021) ნათელ ხსოვნას.
653 _aენათმეცნიერება. დიალექტოლოგია. ქართველური ენები. თურქული ენა. მუჰაჯირები საქართველოში.
700 _aტაბიძე, მანანა
_95716
700 _aლაბაძე, მიხეილ,[და სხვა ]
_919421
710 _aსაქართველოს საპატრიარქოს წმ. ანდრია პირველწოდებულის სახ. ქართული უნივერსიტეტი, ჰუმანიტარულ მეცნიერებათა და სამართლის სკოლის ქართველოლოგიის ცენტრი
_919422
773 _tნაჩუქარი
856 _uhttps://dspace.nplg.gov.ge/bitstream/1234/444979/1/QartvelurTurqulSametyveloKodtaSherevisKanonzomierebebi.pdf
_ypdf
942 _2udc
_cBK